000 00293nam a22001337a 4500
008 171018b xxu||||| |||| 00| 0 eng d
020 _a9780887308888
041 _aeng
080 _a338
100 _a53
101 _aMEN
245 _aLIVING ON THE FAULT LINE
_cMOORE,G.A
942 _2udc
_cBK
999 _c34650
_d34650